000 00561nam a2200217Ia 4500
005 20220908140500.0
008 131103s9999 xx 000 0 und d
040 _aLoreto College
041 _aEnglish
082 _a320.954
_bCHA
100 _aChandra, Bipan
245 _aEssays on contemporary India
_cBipan Chandra
260 _aDelhi
_bHar-Anand Publications
_c1993
300 _a305 p.
504 _aIncludes index
630 _aIndia - Political Condition
650 _aPolitics
651 _aPolitical Science
850 _aLCLIB
942 _cBK
999 _c839
_d51318